000 01309nam a22003257a 4500
003 OSt
005 20250821141301.0
008 250715b |||||||| |||| 00| 0 eng d
020 _a9780198757313 (Hardcover)
_cUSD 81,00
040 _aNUST
_beng
_cNUST
_dNUST
_erda
050 _aKJE5105 KUI
100 _aKuijper, Pieter Jan
_eAuthor
245 _aThe Law of EU External Relations :
_bcases, materials, and commentary on the EU as an international legal actor /
_cPieter Jan Kuijper, Jan Wouters, Frank Hoffmeister, Heert De Baere and Thomas Ramopoulos.
250 _aSecond edition.
260 _aOxford :
_bOxford University Press,
_c©2015.
300 _alxv,
_c25 cm.
336 _2rdamedia
_atext
_btxt
337 _2rdamedia
_aunmediated
_bn
338 _2rdamedia
_avolume
_bnc
504 _aIncludes bibliographical references and index.
650 _aLAW General.
650 _aStructure, powers, functions of government.
650 _aLaw Regional organization and integration (Europe).
650 _aRegional intergovernmental organisations .
700 _aWouters, Jan
_eAuthor
700 _aHoffmeister, Frank
_eAuthor
700 _aBaere, Geert
_eAuthor
700 _aRamopoulos, Thomas
_eAuthor
942 _2lcc
_cBOOKS
_eSecond edition.
_hKJE5105 KUI
_kKJE
_mKUI
_n0
999 _c172239
_d172239